000 00628cam a2200205 a 4500
001 000011657
005 20200929162521.0
008 830609s1948 paua 001 0 eng
040 _aDO-SdBNP
_beng
_cLC
_dBNPHU
082 _a611
_bC156s, 1948
100 1 _aCallander, Curle Latimer,
_d1892-1947.
_927614
245 0 0 _aSurgical anatomy /
_cC. Latimer Callander.
250 _a2a ed.
260 _aPhiladelphia :
_bW. B. Saunders Company,
_c1948.
300 _a858 p. :
_bil. ;
_c27 cm.
650 4 _aAnatomía humana
_97327
650 4 _aAnatomíatopográfica
_927615
910 _aCatalogación por copia / LC
049 _aBNGR
999 _c11345
_d11345